000 00807nam a22002177a 4500
008 260627s2004 mx ||||| |||| 001 0 spa d
020 _a970 - 18 - 9079 - 5
040 _bspa
041 _aspa
100 _9CASTRILLÓN SILVIA
245 _aEL DERECHO A LEER Y ESCRIBIR
260 _aMÉXICO
_bCONSEJO NACIONAL PARA A CULTURA Y LAS ARTES
_c2004
300 _a60
_c21 cm x 13.5
336 _2rdacontent
_atexto
_btxt
337 _2rdamedia
_asin mediación
_bn
338 _2rdacarrier
_avolumen
_bnc
490 0 _vVOL . 10
505 _aObra breve pero contundente que defiende la lectura y la escritura como derechos fundamentales, indispensables para la democracia, la equidad y la transformación social.
650 _aCIENCIAS SOCIALES
_vEDUCACIÓN
_xEDUCACIÓN PRIMARIA
942 _2ddc
_cGENERAL
999 _c68703
_d68703